Zimne kolory - nagła śmierć - Statystyki

Ogólne statystyki
  • Ten quiz został rozwiązany 157 razy
  • Średni wynik to 4 z 6
Answers on the Grid
Answers color-coded by a green-red scale on the quiz's grid according to % correct below.
niebieski
żółty
pomarańczowy
fioletowy
czerwony
różowy
zielony
brązowy
granatowy
turkusowy
 
Statystyki odpowiedzi
Odpowiedź % Poprawnych
niebieski
94%
fioletowy
83%
granatowy
79%
turkusowy
70%
zielony
61%
różowy
33%
Nie znaleziono quizów pasujących do podanych kryteriów
Rozkład punktacji
Procent ludzi z każdym wynikiem
Percentyl według liczby udzielonych odpowiedzi
Twoja historia wyników
Nie rozwiązałeś tego quizu